[Event "AUTO-OPEN-572"]
[Site "http://www.queenalice.com/game.php?id=174327"]
[Date "2007.2.26"]
[Round "1"]
[White "Meckerkopp"]
[Black "xestter"]
[Result "0-1"]
[WhiteElo "1868"]
[BlackElo "1535"]

1. e4 Nf6 2. e5 Nd5 3. Bc4 Nb6 4. Qe2 Nxc4 5. Qxc4 d5 6. exd6 Qxd6 7. Nf3 Be6 8.
Qb5+ Qc6 9. Nc3 g6 10. Ne5 Qxb5 11. Nxb5 Na6 12. O-O Bg7 13. Re1 O-O 14. a3 c6
15. Nd4 Rad8 16. Nxf7 Bxf7 17. Nf3 Rfe8 18. c3 Nc5 19. d4 Nd3 20. Rd1 Nxc1 21.
Raxc1 Bb3 22. Re1 Bd5 23. Nd2 Rf8 24. Rxe7 Bh6 25. Rd1 Bxd2 26. Rxd2 Rde8 27.
Rxe8 Rxe8 28. f3 Kg7 29. Kf2 b5 30. b4 Ra8 31. g4 a5 32. Rd3 axb4 33. cxb4 Bc4
34. Rc3 Kf6 35. f4 Ke6 36. Rh3 Ra7 37. Rc3 Kd5 38. Ke3 Re7+ 39. Kd2 Re2+ 40. Kc1
Kxd4 41. Rh3 Ke4 42. f5 gxf5 43. gxf5 Kxf5 44. Rxh7 Ke4 45. Kd1 Ra2 46. Rh3 Kd4
47. Rh4+ Kc3 48. Rh3+ Bd3 0-1

[Event "AUTO-OPEN-572"]
[Site "http://www.queenalice.com/game.php?id=174328"]
[Date "2007.2.26"]
[Round "1"]
[White "xestter"]
[Black "Meckerkopp"]
[Result "1/2-1/2"]
[WhiteElo "1564"]
[BlackElo "1839"]

1. d4 c5 2. dxc5 Qa5+ 3. Nd2 Qxc5 4. Nb3 Qf5 5. Nd4 Qh5 6. e3 Qxd1+ 7. Kxd1 a6
8. b3 e5 9. Ndf3 Bb4 10. Nxe5 Bc3 11. Rb1 Bxe5 12. f4 Bd6 13. Bb2 f6 14. Ke2 Bc7
15. Nf3 d6 16. Kf2 Ne7 17. g3 Be6 18. Rd1 Bg4 19. Ba3 Bxf3 20. Kxf3 Kd7 21. Bh3+
Kc6 22. Rd4 b5 23. Bg2 Re8 24. Kf2+ d5 25. Bxe7 Bb6 26. Bxd5+ Kc7 27. Bxa8 Bxd4
28. exd4 Rxe7 29. Rd1 Kd6 30. c4 Rc7 31. c5+ Kd7 32. Re1 Nc6 33. Bxc6+ Kxc6 34.
Re6+ Kd5 35. Rxa6 Kxd4 36. b4 Kc4 37. a3 h5 38. Kg2 Rf7 39. f5 Rd7 40. Kf3 Rd3+
41. Kf4 Rd4+ 42. Ke3 Rd3+ 43. Ke2 Rd5 44. Ra7 Re5+ 45. Kd2 Rd5+ 46. Kc2 Rxf5 47.
Rxg7 Rf2+ 48. Kd1 Kb3 49. g4 hxg4 50. Rxg4 Rxh2 51. Rg3+ Kb2 52. c6 Rc2 1/2-1/2

[Event "Let's Play Chess!"]
[Site "http://www.queenalice.com/game.php?id=174957"]
[Date "2007.2.28"]
[Round "-"]
[White "xestter"]
[Black "Slazenger"]
[Result "1-0"]
[WhiteElo "1484"]
[BlackElo "1037"]

1. d4 d5 2. e3 Nf6 3. g3 Nc6 4. Bg2 e6 5. Nf3 h6 6. O-O Bd6 7. a3 h5 8. Nc3 a6
9. Re1 Ng4 10. h3 Nf6 11. e4 dxe4 12. Nxe4 Nxe4 13. Rxe4 f5 14. Bg5 Be7 15. Bxe7
Qxe7 16. Rh4 g5 17. Ne5 Nxe5 18. Rxh5 Rxh5 19. Qxh5+ Nf7 20. Re1 Bd7 21. Bxb7
Rb8 22. Bxa6 Rxb2 23. c4 Qxa3 24. Bb5 c6 25. d5 Qa2 26. dxe6 Bxe6 27. Rxe6+ Kf8
28. Rf6 Qa7 29. Qh6+ Ke7 30. Re6+ Kd7 31. Bxc6+ Kd8 32. Qf8+ 1-0

[Event "AUTO-OPEN-574"]
[Site "http://www.queenalice.com/game.php?id=175033"]
[Date "2007.2.28"]
[Round "1"]
[White "reginaldox"]
[Black "xestter"]
[Result "1-0"]
[WhiteElo "1646"]
[BlackElo "1575"]

1. e4 e6 2. c4 d6 3. d4 g6 4. Nc3 Bg7 5. Nf3 Nf6 6. Bg5 Qd7 7. Be2 O-O 8. O-O
Nc6 9. Qd2 a5 10. Bh6 e5 11. Bxg7 Kxg7 12. Rad1 exd4 13. Nxd4 Nxd4 14. Qxd4 Re8
15. Bd3 Qg4 16. Nd5 Qg5 17. f4 Qh4 18. g3 Qh5 19. Nxf6 Qh6 20. Nxe8+ Kf8 21.
Qh8+ Ke7 22. Nxc7 Rb8 23. Nd5+ Ke6 24. Qf6+ Kd7 25. Qe7+ Kc6 26. Qc7# 1-0

[Event "AUTO-OPEN-574"]
[Site "http://www.queenalice.com/game.php?id=175034"]
[Date "2007.2.28"]
[Round "1"]
[White "xestter"]
[Black "reginaldox"]
[Result "1-0"]
[WhiteElo "1562"]
[BlackElo "1659"]

1. d4 d5 2. e3 c5 3. dxc5 e5 4. b4 Nf6 5. Nf3 e4 6. Nd4 Be7 7. Bb5+ Bd7 8. Bxd7+
Nbxd7 9. c6 Nb6 10. cxb7 Rb8 11. Nc6 Qc7 12. Nxb8 Qxb8 13. c3 Qxb7 14. O-O O-O
15. Na3 a5 16. bxa5 Nc4 17. Nxc4 dxc4 18. Qa4 Rc8 19. Rd1 Nd5 20. Bd2 Qa6 21.
Qd7 Rd8 22. Qf5 Nf6 23. Rab1 h6 24. f3 Rd5 25. Rb8+ Bf8 26. Qf4 exf3 27. gxf3
Rg5+ 28. Kf2 Kh7 29. Rxf8 1-0

[Event "AUTO-INT-366"]
[Site "http://www.queenalice.com/game.php?id=175740"]
[Date "2007.3.1"]
[Round "1"]
[White "paulouk"]
[Black "xestter"]
[Result "1-0"]
[WhiteElo "1528"]
[BlackElo "1590"]

1. e4 Nc6 2. c3 g6 3. d4 Bg7 4. Nf3 d6 5. h3 Nf6 6. Bd3 O-O 7. O-O Re8 8. d5 Ne5
9. Na3 Nxf3+ 10. Qxf3 e6 11. dxe6 Bxe6 12. Bc4 d5 13. Bxd5 Nxd5 14. exd5 Bxd5
15. Qg4 Re4 16. Qd1 c6 17. f3 Re5 18. c4 Be6 19. f4 Qxd1 20. Rxd1 Rf5 21. g4 Ra5
22. b4 Ra4 23. Rb1 f5 24. g5 b5 25. cxb5 cxb5 26. Nxb5 Rxa2 27. Re1 Bd5 28. Be3
a6 29. Nc7 Rd8 30. b5 Rd7 31. Rbc1 axb5 32. Rc5 Bc4 33. Rc1 Ra7 34. Ne8 Kh8 35.
Rc8 Bf8 36. Bxa7 Rxa7 37. Nf6 Kg7 38. h4 Re7 39. h5 gxh5 40. Nxh5+ Kf7 41. Nf6
Kg7 42. Ra1 h6 43. Raa8 Rf7 44. Ne8+ Kg6 45. gxh6 Bxh6 46. Nd6 Re7 47. Rg8+ Bxg8
48. Rxg8+ 1-0

[Event "AUTO-INT-366"]
[Site "http://www.queenalice.com/game.php?id=175741"]
[Date "2007.3.1"]
[Round "1"]
[White "xestter"]
[Black "paulouk"]
[Result "1-0"]
[WhiteElo "1510"]
[BlackElo "1582"]

1. d4 d5 2. e3 Nf6 3. g3 h6 4. Bg2 c6 5. Nf3 b6 6. O-O Ba6 7. Re1 c5 8. dxc5
bxc5 9. Nc3 e6 10. a3 Bd6 11. e4 dxe4 12. Nxe4 Nxe4 13. Rxe4 Bb7 14. Re3 O-O 15.
Rd3 c4 16. Rxd6 Qe7 17. Ne5 Bxg2 18. Kxg2 Qb7+ 19. f3 Qc7 20. Nd7 Nxd7 21. Rxd7
Rad8 22. Rxd8 Rxd8 23. Qe2 g5 24. Qe3 f5 25. Qxe6+ Kh8 26. Qxh6+ Qh7 27. Bxg5
Qxh6 28. Bxh6 Rd6 29. Bf4 Rd7 30. b4 Kg7 31. b5 a5 32. a4 Kg6 33. b6 c3 34. Ra3
Rb7 35. Rb3 Kh5 36. Bc7 Kg5 37. Rxc3 Rxc7 38. bxc7 1-0

[Event "xestter"]
[Site "http://www.queenalice.com/game.php?id=176507"]
[Date "2007.3.3"]
[Round "1"]
[White "Nelson_Abe"]
[Black "xestter"]
[Result "1-0"]
[WhiteElo "1798"]
[BlackElo "1510"]

1. d4 d5 2. c4 e6 3. Nf3 c6 4. Nc3 dxc4 5. a4 g6 6. e3 Bg7 7. Bxc4 Nf6 8. O-O
O-O 9. Rb1 Re8 10. e4 Nfd7 11. Be3 Nb6 12. Ba2 a5 13. e5 Na6 14. Bg5 Qd7 15. Ne4
h6 16. Bxh6 1-0